| 000 | 01009pam a2200349 a 4500 | ||
|---|---|---|---|
| 001 | 3397222 | ||
| 003 | OSt | ||
| 005 | 20140310182704.0 | ||
| 008 | 890227s1990 nyua 001 0 eng | ||
| 010 | _a 89002456 | ||
| 020 |
_a007051741X : _c$31.95 |
||
| 040 |
_aDLC _cDLC _dDLC |
||
| 050 | 0 | 0 |
_aQA 154.2 _b.R328 1990 |
| 082 | 0 | 0 |
_aM 512 _219 _bR25 1990 |
| 100 | 1 |
_aRees, Paul Klein, _d1902- |
|
| 245 | 1 | 0 |
_aCollege algebra _cRees, Paul K. |
| 250 | _a10th ed. | ||
| 260 |
_aNew York _bMcGraw-Hill _cc1990 |
||
| 300 |
_axi, 574 p. _bill. _c25 cm. |
||
| 500 | _aIncludes index. | ||
| 521 | _aHigh School to College Students | ||
| 526 | _c1210L-1700L | ||
| 541 | _j2 | ||
| 541 | _j1 | ||
| 562 | _eFor circulation. 2 copies available in the collection | ||
| 650 | 0 | _aAlgebra. | |
| 700 | 1 |
_aSparks, Fred Winchell, _d1891- |
|
| 700 | 1 | _aRees, Charles Sparks. | |
| 906 |
_a7 _bcbc _corignew _d1 _eocip _f19 _gy-gencatlg |
||
| 942 |
_2lcc _cBK _kM |
||
| 999 |
_c15200 _d15200 |
||